000 00799nam a2200253Ia 4500
003 OSt
005 20220923220207.0
006 a|||||r|||| 00| 0
007 ta
008 220922b |||||||| |||| 00| 0 hin d
024 _a184,903
037 _cTextual
040 _aARTS
_cARTS
_bhin
041 _2hin
_ahin
082 _aO152,1NDIx, K9
100 _aदिनेश चन्द्र
_9156318
245 0 _aजय विश्व कमल
246 _aJaya vishva kamala
260 _aदरंभगा
_b श्री अभय शेखर चौधरी
_c1969
300 _a63 पृ.
_ccm.
650 _aहिन्दी साहित्य
_9156264
942 _hO152,1NDIx, K9
_cTEXL
_2CC
999 _c338160
_d338160